Problém měření a hodnocení individuální vědecké výkonnosti
Meranie a hodnotenie vedeckej výkonnosti. Hodnota h-indexu. Veľkosť impakt faktoru časopisu a citačný index. Vyhľadávanie v databáze Web of Science. Analýza úspešnosti vyhľadávania podkladov pre hodnotiace rebríčky.
Enregistré dans:
| Auteur principal: | |
|---|---|
| Format: | Chapitre de livre |
| Langue: | tchèque |
| Sujets: | |
| Tags: |
Pas de tags, Soyez le premier à ajouter un tag!
|
MARC
| LEADER | 00000naa$a2200000$$$4500 | ||
|---|---|---|---|
| 001 | 0115313 | ||
| 005 | 20231121105514.2 | ||
| 041 | 0 | |a cze | |
| 044 | |a CZ | ||
| 245 | 1 | 0 | |a Problém měření a hodnocení individuální vědecké výkonnosti |c Markéta Arltová |
| 520 | |a Meranie a hodnotenie vedeckej výkonnosti. Hodnota h-indexu. Veľkosť impakt faktoru časopisu a citačný index. Vyhľadávanie v databáze Web of Science. Analýza úspešnosti vyhľadávania podkladov pre hodnotiace rebríčky. | ||
| 610 | 2 | 0 | |a výskum ekonomický |
| 610 | 2 | 0 | |a veda ekonomická |
| 610 | 2 | 0 | |a kvalita |
| 610 | 2 | 0 | |a výkonnosť |
| 610 | 2 | 0 | |a bibliometria |
| 610 | 2 | 0 | |a časopisy |
| 610 | 2 | 0 | |a konkurencia |
| 100 | 1 | |a Arltová, Markéta | |